Les rouages de l'économie nationale (Record no. 43898)
[ view plain ]
| 000 -LEADER | |
|---|---|
| fixed length control field | 00500 a2200217 4500 |
| 037 ## - SOURCE OF ACQUISITION | |
| Stock number | 8792 |
| 020 ## - NUMERO INTERNATIONAL NORMALISE DES LIVRES | |
| International Standard Book Number | 2-7082-0663-X |
| 100 ## - VEDETTE PRINCIPALE - NOM DE PERSONNE | |
| Language of a work | Fr |
| 260 ## - PUBLICATION, DISTRIBUTION, ETC. (IMPRINT) | |
| Name of publisher, distributor, etc | Economie et humanisme |
| 245 ## - TITLE STATEMENT | |
| Title | Les rouages de l'économie nationale |
| 260 ## - PUBLICATION, DISTRIBUTION, ETC. (IMPRINT) | |
| Place of publication, distribution, etc | Paris |
| 260 ## - PUBLICATION, DISTRIBUTION, ETC. (IMPRINT) | |
| Date of publication, distribution, etc | 1983 |
| 300 ## - PHYSICAL DESCRIPTION | |
| Extent | 315p |
| 300 ## - PHYSICAL DESCRIPTION | |
| Other physical details | 18 cm |
| 650 ## - SUBJECT ADDED ENTRY--TOPICAL TERM | |
| Topical term or geographic name as entry element | Economie nationale : théorie |
| 630 ## - SUBJECT ADDED ENTRY--UNIFORM TITLE | |
| Uniform title | Economie.économie politique |
| 650 ## - SUBJECT ADDED ENTRY--TOPICAL TERM | |
| Topical term or geographic name as entry element | 3 - SCIENCES SOCAILES |
| 700 ## - ADDED ENTRY--PERSONAL NAME | |
| Personal name | Albertini, J.-M. |
| Withdrawn status | Lost status | Damaged status | Not for loan | Location (home branch) | Sublocation or collection (holding branch) | Date acquired | Koha issues (times borrowed) | Koha full call number | Koha date last seen | Price effective from | Koha item type |
|---|---|---|---|---|---|---|---|---|---|---|---|
| Bibliothèque Universitaire Centrale | Bibliothèque Universitaire Centrale | 28/02/2009 | 330 ALB | 28/02/2009 | 28/02/2009 | Livre |